Ariana Grande aux MTV Video Music Awards - Statistiques

Statistiques générales
  • Ce quiz a été pris 176 fois
  • Le résultat moyen est 5 sur 6
Statistiques - réponses
Année Chanson(s) % Correct
2020 (avec Lady Gaga) Rain On Me
98%
(avec Jessie J & Nicki Minaj) Bang Bang
97%
2016 (avec Nicki Minaj) Side To Side
92%
2018 God Is A Woman
72%
2014 Break Free
58%
2013 (pré-show) The Way, Baby I
58%
Aucun quiz correspondant
Distribution des résultats
% des personnes avec chaque résultat
Percentile par nombre de réponses
Votre historique - résultats
Vous n’avez pas pris ce quiz